Olivia Dean - Toutes les chansons - Statistiques

Statistiques générales
  • Ce quiz a été pris 8 fois
  • Le résultat moyen est 21 sur 56
Statistiques - réponses
Hint Réponse % Correct
The Art of Loving 10 Baby Steps
100%
The Art of Loving 7 Man I Need
100%
The Art of Loving 5 So Easy (To Fall in Love)
100%
Messy 2 Dive
83%
The Art of Loving 6 Let Alone the One You Love
83%
Messy 10 Messy
83%
The Art of Loving 2 Nice to Each Other
83%
The Art of Loving 3 Lady Lady
67%
Ok Love You Bye 2 Ok Love You Bye
67%
Olivia Dean If You Know What I Mean 3 Ok Love You Bye
67%
The Art of Loving 1 The Art of Loving (Intro)
67%
What Am I Gonna Do on Sundays? 2 The Hardest Part
67%
Olivia Dean If You Know What I Mean 2 The Hardest Part
67%
Messy 8 The Hardest Part
67%
The Art of Loving 11 A Couple Minutes
50%
Messy 7 Danger
50%
The Art of Loving 12 I've Seen It
50%
The Art of Loving 9 Loud
50%
Collaborations 2025 Rein Me In de Sam Fender
50%
Messy 12 Carmen
33%
The Art of Loving 4 Close Up
33%
Messy 5 Dangerously Easy
33%
What Am I Gonna Do on Sundays? 3 Echo
33%
Messy 3 Ladies Room
33%
The Art of Loving 8 Something Inbetween
33%
Messy 1 UFO
33%
What Am I Gonna Do on Sundays? 1 What Am I Gonna Do on Sundays?
33%
Ok Love You Bye 4 White Trainers - Demo
33%
Collaborations 2019 Adrenaline de Rudimental
17%
Singles 2020 Baby Come Home
17%
Olivia Dean If You Know What I Mean 4 Be My Own Boyfriend
17%
Growth 1 Be My Own Boyfriend
17%
Growth 3 Cross My Mind
17%
Singles 2020 Crosswords
17%
Messy 11 Everybody's Crazy
17%
Growth 4 Fall Again
17%
Growth 5 Float
17%
Messy 6 Getting There (Interlude)
17%
Collaborations 2022 Homerton de Loyle Carner and JNR Williams
17%
Messy 9 I Could Be a Florist
17%
Singles 2025 It Isn't Perfect But It Might Be pour Bridget Jones
17%
Singles 2019 Just For You (L.L.Bean Christmas Advert)
17%
Messy 4 No Man
17%
Collaborations 2024 No One's Watching Me de Ezra Collective
17%
What Am I Gonna Do on Sundays? 4 Out
17%
Ok Love You Bye 1 Password Change
17%
Ok Love You Bye 3 Reason to Stay
17%
Olivia Dean If You Know What I Mean 1 Reason to Stay
17%
Growth 2 Slowly
17%
Singles 2021 The Christmas Song
17%
Singles 2024 The Harder They Come pour This Town
17%
Singles 2024 Time
17%
Singles 2024 Touching Toes
17%
Singles 2022 Wish I Didn't Miss You (Mahogany Sessions)
17%
Collaborations 2023 Call Me a Lioness de Various (as Hope FC)
0%
Singles 2021 Merry Christmas Everyone
0%
Aucun quiz correspondant
Distribution des résultats
% des personnes avec chaque résultat
Percentile par nombre de réponses
Votre historique - résultats
Vous n’avez pas pris ce quiz